| 000 | 00984nam a22003617a 4500 | ||
|---|---|---|---|
| 001 | BR7101123 | ||
| 003 | BR-BrBNA | ||
| 005 | 20230928083731.0 | ||
| 007 | ta | ||
| 008 | 230509b bl.||||| |||| 00| 0 por d | ||
| 040 |
_aBR-BrBNA _bpor _cBiblioteca Nacional de Agricultura |
||
| 041 | _a(Por) | ||
| 072 |
_aE15; F00 _b1110 _b0430 _b1112 _b2110 _b2120 _b1160 _b1060 _b1030 _b/G514 |
||
| 090 | _ 1110 BR7101123 | ||
| 110 | 1 | _aSubsecretaria de Planejamento e Orcamento, Brasilia, DF (Brasil) | |
| 245 | 1 | _aCulturas permanentes - 1971 - Para [Brasil] | |
| 260 | 3 |
_aBrasilia, DF (Brasil): _c1971. |
|
| 300 | _a27 p. | ||
| 500 | _aNumerical data | ||
| 650 | _aPRODUTO AGRICOLA | ||
| 650 | _aABACATE | ||
| 650 | _aALGODAO | ||
| 650 | _aBANANA | ||
| 650 | _aCACAU | ||
| 650 | _aCAJU | ||
| 650 | _aLARANJA | ||
| 650 | _aLIMAO | ||
| 650 | _aESTATISTICA DE PRODUCAO | ||
| 650 | _aCUSTO DE PRODUCAO | ||
| 650 | _aPARA | ||
| 909 |
_a202309 _bLucia _c55 _dLucia Elande |
||
| 942 | _cBK | ||
| 999 |
_c14986 _d14986 |
||